000 00353nam a2200157Ia 4500
008 210210b1951 xxu||||| |||| 00| 0 eng d
041 _aeng
082 _a829/1000
100 _aSHUTE (N)
245 _aPoet pursued
260 _aLondon
_bNot Mentioned
_c1951
650 _apursued
650 _aPoet
690 _aEnglish Fiction
906 _a017615
999 _c137599
_d137599